French Speaking Countries - Sudden Death - Statistics

General Stats
  • This quiz has been taken 1,015 times
  • The average score is 5 of 14
Answers on the Grid
Answers color-coded by a green-red scale on the quiz's grid according to % correct below.
France
Monaco
Luxembourg
Belgium
Mauritius
Andorra
Switzerland
Gabon
Algeria
Rep. of the Congo
Seychelles
Tunisia
D.R. Congo
Djibouti
Greece
United States
Italy
San Marino
Equatorial Guinea
Spain
Brazil
Argentina
Guyana
Vanuatu
Canada
Portugal
Poland
 
Answer Stats
Answer % Correct
France
65%
Monaco
53%
Belgium
49%
Switzerland
49%
Luxembourg
42%
D.R. Congo
37%
Rep. of the Congo
36%
Algeria
35%
Tunisia
29%
Djibouti
28%
Gabon
26%
Mauritius
23%
Seychelles
23%
Andorra
22%
No matching quizzes found
Score Distribution
Percent of People with Each Score
Percentile by Number Answered
Your Score History
You have not taken this quiz